Home Print Resources E-Books E-Journals IIMT Lecture Series Library Membership Form Book Recommendation Form Campus Tour Take AdmissionAbout Us Contact Us

PHP AND MY SQL FOR DYNAMIC WEB SITER (Record no. 40718)

000 -LEADER
fixed length control field 00378nam a22001577a 4500
003 - CONTROL NUMBER IDENTIFIER
control field OSt
005 - DATE AND TIME OF LATEST TRANSACTION
control field 20240405105942.0
008 - FIXED-LENGTH DATA ELEMENTS--GENERAL INFORMATION
fixed length control field 171003b xxu||||| |||| 00| 0 eng d
020 ## - INTERNATIONAL STANDARD BOOK NUMBER
International Standard Book Number 978-0321784070
040 ## - CATALOGING SOURCE
Transcribing agency SEROSOFT
100 ## - MAIN ENTRY--PERSONAL NAME
Personal name ULLAMAN,LARRY
245 ## - TITLE STATEMENT
Title PHP AND MY SQL FOR DYNAMIC WEB SITER
260 ## - PUBLICATION, DISTRIBUTION, ETC.
Place of publication, distribution, etc. NOIDA
Name of publisher, distributor, etc. PEARSON
Date of publication, distribution, etc. 2014
300 ## - PHYSICAL DESCRIPTION
Extent 677
942 ## - ADDED ENTRY ELEMENTS (KOHA)
Source of classification or shelving scheme
Koha item type Text-Book- for 7 days
Edition 4TH
Holdings
Withdrawn status Lost status Source of classification or shelving scheme Damaged status Not for loan Home library Current library Date acquired Source of acquisition Coded location qualifier Cost, normal purchase price Inventory number Full call number Barcode Date last seen Uniform Resource Identifier Price effective from Koha item type
          IIMT University Central Library Meerut IIMT University Central Library Meerut 01/15/2024 BANSAL BOOK DISTRIBUTOR MCA 609.00 5903 004 ULL 01-B-125335 10/03/2017 PHP PROGRAMMING LANGUAGE 10/03/2017 Reference Book
IIMT, Central Library. All Rights Reserved IIMT,UNIVERSITY © 2023
Implemented and Customised by I CLOUDE EMS
You Are OPAC Visitor No
free web counter

Powered by Koha